00354pam a2200133a 44500008004100000041000800041100001500049245003000064250001300094260005000107300001000157440003100167650002200198230405s2012 xxu||||| |||| 00| 0 eng d aENG aR.C. Gupta aIndian Political Thoughts a1st Ed. aAllhabadbLale Shri narain Agrawal Agrac2012 a205p. aEnbee Law Book Agency Pune aPOLITICAL SICENCE